[Event "HUN-chT2 Charousek 1011"]
[Site "Hungary"]
[Date "2010.10.24"]
[Round "4"]
[White "Fodor, Adam"]
[Black "Albert, Janos"]
[Result "1/2-1/2"]
[WhiteElo "1862"]
[BlackElo "1938"]
[PlyCount "64"]
[EventDate "2010.09.12"]
[EventType "team-tourn"]
[EventRounds "11"]
[EventCountry "HUN"]
[SourceTitle "EXT 2012"]
[Source "ChessBase"]
[SourceDate "2011.11.24"]
[SourceVersion "1"]
[SourceVersionDate "2011.11.24"]
[SourceQuality "1"]
[WhiteTeam "Paks II"]
[BlackTeam "Tapolca"]
[WhiteTeamCountry "HUN"]
[BlackTeamCountry "HUN"]

1. d4 Nf6 2. Nf3 g6 3. Bg5 Bg7 4. Nbd2 d6 5. e4 h6 6. Bh4 0-0 7. Bd3 Nc6 8. c3 e5 9. dxe5 dxe5 10. Bc4 Qe7 11. Bd5 g5 12. Bxc6 bxc6 13. Bg3 Nd7 14. Qa4 Nc5 15. Qc2 Ba6 16. c4 Rfd8 17. 0-0 h5 18. h3 h4 19. Bh2 f6 20. b3 Rd6 21. Rfd1 Rad8 22. Kf1 Kh8 23. Ne1 Qd7 24. Ke2 Ne6 25. Ndf3 c5 26. Rxd6 Qxd6 27. Rd1 Nd4+ 28. Nxd4 cxd4 29. f3 Bf8 30. Nd3 c5 31. Bg1 Qb6 32. Bf2 Qe6 1/2-1/2

[Event "HUN-chT2 Charousek 0910"]
[Site "Hungary"]
[Date "2010.02.27"]
[Round "5"]
[White "Zsirai, Peter"]
[Black "Fodor, Adam"]
[Result "1-0"]
[WhiteElo "1926"]
[BlackElo "1857"]
[PlyCount "41"]
[EventDate "2009.11.08"]
[EventType "team-tourn"]
[EventRounds "11"]
[EventCountry "HUN"]
[SourceTitle "EXT 2011"]
[Source "ChessBase"]
[SourceDate "2010.11.26"]
[SourceVersion "1"]
[SourceVersionDate "2010.11.26"]
[SourceQuality "1"]
[WhiteTeam "Aquaprofit II"]
[BlackTeam "Paks II"]
[WhiteTeamCountry "HUN"]
[BlackTeamCountry "HUN"]

1. e4 e6 2. d4 d5 3. Nd2 dxe4 4. Nxe4 Nd7 5. Nf3 Ngf6 6. Ng3 Be7 7. Bd3 0-0 8. 0-0 c5 9. c3 Qc7 10. Qe2 b6 11. Ne5 Bb7 12. f4 Rad8 13. f5 Bd6 14. Nxd7 Qxd7 15. Bg5 Rfe8 16. Bxf6 exf5 17. Qh5 gxf6 18. Bxf5 Qc6 19. Rf2 Bxg3 20. hxg3 cxd4 21. Qh6 1-0